Dramas de honor II: El médico de su honra. El pintor de su deshonra
Պահպանված է:
| Հիմնական հեղինակ: | |
|---|---|
| Ձևաչափ: | Գիրք |
| Լեզու: | Spanish |
| Հրապարակվել է: |
Madrid, España
Espasa-Calpe
1978
|
| Հրատարակություն: | 4 |
| Խորագրեր: | |
| Ցուցիչներ: |
Ավելացրեք ցուցիչ
Չկան պիտակներ, Եղեք առաջինը, ով նշում է այս գրառումը!
|
MARC
| LEADER | 00000nam a2200000Ia 4500 | ||
|---|---|---|---|
| 008 | 170316s9999 xx 000 0 spa d | ||
| 999 | |c 9742 |d 9742 | ||
| 040 | |a cru BVZT | ||
| 090 | |a 862 C-3d v.2 | ||
| 100 | |a Calderón de la Barca, Pedro | ||
| 245 | |a Dramas de honor II: El médico de su honra. El pintor de su deshonra | ||
| 250 | |a 4 | ||
| 260 | |a Madrid, España | ||
| 260 | |b Espasa-Calpe | ||
| 260 | |c 1978 | ||
| 300 | |a 231 páginas | ||
| 650 | |a LITERATURA ESPAÑOLA |9 23 | ||
| 942 | |c 15 D |h 862 C-3d v.2 |2 z | ||
